[Event "SRB-ch U16"]
[Site "Vrnjacka Banja"]
[Date "2013.05.04"]
[Round "6"]
[White "Besedes, Danilo"]
[Black "Juhasz, Bencze"]
[Result "1/2-1/2"]
[WhiteElo "1872"]
[BlackElo "2021"]
[PlyCount "46"]
[EventDate "2013.04.30"]
[EventType "swiss"]
[EventRounds "9"]
[EventCountry "SRB"]
[SourceTitle "CBM 154 Extra"]
[Source "ChessBase"]
[SourceDate "2013.06.25"]
[SourceVersion "2"]
[SourceVersionDate "2013.06.25"]
[SourceQuality "1"]

1. d4 Nf6 2. c4 g6 3. f3 Bg7 4. e4 0-0 5. Nc3 d6 6. Be3 e5 7. d5 c6 8. Bd3 cxd5 9. cxd5 Nh5 10. Nge2 f5 11. exf5 gxf5 12. Qd2 Nd7 13. 0-0-0 Nc5 14. Bc2 Nf6 15. Kb1 Bd7 16. Ng3 Qc8 17. Bh6 f4 18. Bxg7 Kxg7 19. Nge4 Nfxe4 20. Nxe4 Nxe4 21. Bxe4 Bf5 22. Rc1 Bxe4+ 23. fxe4 Qd7 1/2-1/2